[Event "St Petersburg Korchnoi Memorial op"]
[Site "St Petersburg"]
[Date "2024.08.17"]
[Round "1"]
[White "Makarenko, Kirill"]
[Black "Sobolev, Lev Yu"]
[Result "1/2-1/2"]
[WhiteElo "1977"]
[BlackElo "1630"]
[PlyCount "84"]
[EventDate "2024.08.17"]
[EventType "swiss"]
[EventRounds "9"]
[EventCountry "RUS"]
[SourceTitle "CBM 221 Extra"]
[Source "ChessBase"]
[SourceDate "2024.09.30"]
[SourceVersion "1"]
[SourceVersionDate "2024.09.30"]
[SourceQuality "1"]

1. d4 Nf6 2. c4 e6 3. Nc3 Bb4 4. e3 b6 5. Bd3 Bb7 6. Nge2 Bxg2 7. Rg1 Bf3 8. Rg3 Bh5 9. e4 Bg6 10. a3 Be7 11. Nf4 d6 12. Be3 Nbd7 13. Qe2 c5 14. d5 e5 15. Ng2 Nh5 16. Rh3 Ndf6 17. Nh4 Qc8 18. Nf5 Qb7 19. Bc2 0-0-0 20. Ba4 a6 21. Bc6 Qa7 22. a4 Bxf5 23. exf5 Nf4 24. Bxf4 exf4 25. a5 Rhe8 26. Bxe8 Rxe8 27. Kf1 bxa5 28. Qc2 Bd8 29. Rf3 Qe7 30. Qa4 Ng4 31. Qc6+ Bc7 32. Qxa6+ Kd8 33. Qa8+ Kd7 34. Qc6+ Kd8 35. Qa8+ Kd7 36. Qc6+ Kd8 37. f6 gxf6 38. Qa8+ Kd7 39. Qc6+ Kd8 40. Rxf4 f5 41. Qa8+ Kd7 42. Qc6+ Kd8 1/2-1/2